000 00774nam0a2200241 4500
001 RU\NLR\bibl\1758878
005 20250616123334.0
021 _aRU
_b2011-23789
_91684
035 _a(NLR Aleph) 001749703
090 _a1511057
_c1511057
100 _a20110414d2011 |||y0rusy50 ca
101 0 _arus
102 _aRU
105 _ay |||||||||
200 1 _aКоллекция задач по арифметике целых чисел. Задания С6 ЕГЭ
210 _aМосква
_cМГТУ
_d2011
215 _d21
700 1 _aБуфеев
_bС. В.
_4070
801 0 _aRU
_bNLR
_c20110414
_gRCR
801 1 _aRU
_bNLR
_c20110414
942 _cBOOK
980 _aNB